Situación socioeducativa de los primeros medios 1999: Liceos de Anticipación, estudio descriptivo
Guardat en:
| Autor corporatiu: | |
|---|---|
| Format: | Llibre |
| Idioma: | espanyol |
| Publicat: |
Santiago
MINEDUC
2000
|
| Matèries: | |
| Etiquetes: |
Afegir etiqueta
Sense etiquetes, Sigues el primer a etiquetar aquest registre!
|
MARC
| LEADER | 00000nam a2200000 a 4500 | ||
|---|---|---|---|
| 001 | UCM0172 | ||
| 003 | CL-VaPUC | ||
| 008 | 020125e20000000CL |||||||||||||||||spa|d | ||
| 082 | 0 | 4 | |a 373.83 |b MIN |2 21 |
| 110 | 2 | |a Ministerio de Educación |e author |9 466859 | |
| 245 | 1 | 0 | |a Situación socioeducativa de los primeros medios 1999: Liceos de Anticipación, estudio descriptivo |
| 300 | |a 34 p | ||
| 942 | |c BK | ||
| 945 | |d 20020125 00:00:00 |a cmena | ||
| 260 | |a Santiago |b MINEDUC |c 2000 | ||
| 500 | |a Proyecto Montegrande | ||
| 650 | 7 | |a PROYECTOS EDUCACIONALES |2 CL-VaPUC |9 466860 | |
| 650 | 0 | |a Planificación de la educación |9 307333 | |
| 650 | 0 | |a Planificación del currículo |9 269599 | |
| 583 | |a last modification |c 20020125 00:00:00 |k Rodrigo Vera | ||
| 999 | |c 299208 |d 299206 | ||
| 952 | |0 0 |1 0 |4 0 |6 373_830000000000000_MIN_2000 |7 0 |8 P |9 355448 |a BIBEDU |b BIBEDU |c BIBEDU_PB |d 2019-11-21 |i 3788415 |o 373.83 MIN 2000 |p 3788415 |r 2024-01-25 |w 2019-11-21 |y BK |k BME | ||